لعلاقات الدبلوماسية بين مصر وبريطانيا

محفوظ في:

المؤلف الرئيسي: نادر. العطار.

التنسيق: كتاب

اللغة: Undetermined

منشور في: dimashq : matbaeat al'iinsha'i, 1962.

الوسوم: إضافة وسم

لا توجد وسوم, كن أول من يضع وسما على هذه التسجيلة!

رقم الطلب: DT82.5 .G7 A88

LEADER 00397nam a2200121Ia 4500
008 240329s9999||||xx |||||||||||||| ||und||
050 4 |a DT82.5 .G7 A88 
100 1 |a نادر. العطار. 
245 1 0 |a لعلاقات الدبلوماسية بين مصر وبريطانيا  |c نادر. العطار 
264 1 |a dimashq :  |b matbaeat al'iinsha'i,  |c 1962. 
300 |a 383  |c 24 CM 
942 |2 lcc  |c BK 
999 |c 57668  |d 57668